Los condados ingleses y galeses como entes intermedios / Montserrat Cuchillo Foix
ISBN:
84-7794-111-4
Descripción Física:
133 p. ; 24 cm
Colección:
Biblioteca Prat de la Riba ; 9
MARC
| LEADER | 00000nam a2200000Ia 4500 | ||
|---|---|---|---|
| 001 | 16419 | ||
| 008 | 160829s9999 xx 000 0 cat d | ||
| 020 | |a 84-7794-111-4 | ||
| 080 | |a M-5-21 | ||
| 100 | |a Cuchillo Foix, Montserrat |9 3420 | ||
| 245 | |a Los condados ingleses y galeses como entes intermedios / Montserrat Cuchillo Foix | ||
| 260 | |a Barcelona : |b Diputació de Barcelona, DL 1990 | ||
| 300 | |a 133 p. ; |c 24 cm | ||
| 490 | |a Biblioteca Prat de la Riba ; 9 | ||
| 590 | |a Bibliografia. | ||
| 590 | |a Hi ha un exemplar en català: M-2-76 | ||
| 650 | 0 | |a Administració local |z Anglaterra |9 36186 | |
| 650 | |a Administració local |x Gal·les |9 31978 | ||
| 710 | 1 | |a Barcelona (Catalunya : Província). |b Diputació |9 52408 | |
| 901 | |a Arxiu | ||
| 942 | |n 1 | ||
| 952 | |0 0 |1 0 |4 0 |6 M521 |7 1 |9 45823 |a Arxiu |b Arxiu |d 2016-12-01 |l 0 |o M-5-21 |p 16419 |r 2016-12-01 00:00:00 |w 2016-12-01 |y ARXIU | ||
| 999 | |c 49323 |d 49323 | ||